| 000 | 01993cam a22005054i 4500 | ||
|---|---|---|---|
| 003 | PE-LiUPU | ||
| 005 | 20250731165617.0 | ||
| 008 | 150616s r 000 0 d | ||
| 035 | _a(Sirsi) a5498 | ||
| 035 | _a(Sirsi) a5498 | ||
| 040 |
_aPE-LiUPU _bspa _cPE-LiUPU _erda |
||
| 049 | _aPRUA | ||
| 082 | 0 | 4 |
_a211.804 _bG53 _221 |
| 100 | 1 |
_aGirardi, Giulio, _eautor. |
|
| 245 | 1 | 3 |
_aEl ateísmo contemporáneo. _n2,El ateísmo contemporáneo. |
| 264 | 1 |
_aMadrid : _bEdiciones Cristiandad, _c1971. |
|
| 300 |
_a528 páginas ; _c24 cm. |
||
| 336 |
_atext _2rdacontent |
||
| 337 |
_aunmediated _2rdamedia |
||
| 338 |
_avolume _2rdacarrier |
||
| 504 | _aIncluye bibliografía al final de capítulo. | ||
| 505 | 0 | _aGénesis histórica del ateísmo contemporáneo -- Ateísmo e idealismo -- Ateísmo y marxismo -- Ateísmo y vitalismo -- Ateísmo y existencialismo -- Ateísmo e historicismo. Ortega y Gasset -- Ateísmo y naturalismo -- Ateísmo y neo-positivismo -- Ateísmo y filosofía analítica -- Ateísmo y estructuralismo -- Ateísmo y ser americano. | |
| 526 | _aSEG44 | ||
| 526 | _aSEG26 | ||
| 526 | _aP151 | ||
| 526 | _aP150 | ||
| 526 | _aP149 | ||
| 526 | _aP146 | ||
| 526 | _aP145 | ||
| 526 | _aP126 | ||
| 526 | _aP125 | ||
| 526 | _aP92 | ||
| 526 | _aP75 | ||
| 526 | _aP74 | ||
| 526 | _aP27 | ||
| 526 | _aP15 | ||
| 650 | 1 | 4 |
_aAteísmo. _92097 |
| 910 |
_ajck _bjvq _cjck |
||
| 942 |
_2ddc _cBOOK |
||
| 949 |
_aRC 211.804 G53 2 _wDEWEY _c1 _i23318 _lRC _mBUL _r0 _sY _tBOOK _u2015-6-16 _xTEOLOGIA _zUNKNOWN _0COMPRA _o.CIRCNOTE. No olvidar cambiar la fecha de devolución!!!!!!! _o.STAFF. Colección General |
||
| 994 |
_aC0 _bPEPRU |
||
| 596 | _a1 | ||
| 999 |
_aRC 211.804 G53 2 _wDEWEY _c56532 _i23318 _f2021-11-8 _g7 _lCCODEBUL1 _mBUL _r1 _sY _tBOOK _u2015-6-16 _xTEOLOGIA _zUNKNOWN _0COMPRA _o.CIRCNOTE. No olvidar cambiar la fecha de devolución!!!!!!! _o.STAFF. Colección General _d56532 |
||
| 980 |
_81 _gALBERTO SANCHEZ Responsable de Automatización |
||